banner-ar

FOREIGN AFFAIRS (Record no. 25831)

MARC details
000 -الفاتح
حقل البيانات ثابتة الطول 00564nam a2200217Ia 4500
008 - عناصر البيانات ثابتة الطول - معلومات عامة
حقل البيانات ثابتة الطول 140319s9999 xx 000 0 eng d
040 ## - مصدر الفهرسة
وكالة الفهرسة الأصلية GCL /
وكالة النسخ GCL
082 04 - رقم تصنيف ديوى العشرى
رقم التصنيف P
رقم المادة 050
-- F P
245 10 - بيان العنوان
العنوان FOREIGN AFFAIRS
300 ## - الوصف المادى
التعداد 171
650 04 - المدخل الاضافى بالموضوع-مصطلح موضوعى
مصطلح موضوعي INTERNATIONAL ECONOMIC RELATIONS
650 04 - المدخل الاضافى بالموضوع-مصطلح موضوعى
مصطلح موضوعي INTERNATIONAL RELATIONS
650 04 - المدخل الاضافى بالموضوع-مصطلح موضوعى
مصطلح موضوعي ECONOMIC
650 04 - المدخل الاضافى بالموضوع-مصطلح موضوعى
مصطلح موضوعي WAR
650 04 - المدخل الاضافى بالموضوع-مصطلح موضوعى
مصطلح موضوعي POLICY
650 04 - المدخل الاضافى بالموضوع-مصطلح موضوعى
مصطلح موضوعي NATIONAL SECRUITY - HISTORY - 20 TH CENTURY
650 04 - المدخل الاضافى بالموضوع-مصطلح موضوعى
مصطلح موضوعي FOREIGN TRADE AND EMPLOYMENT
942 ## - عناصر المدخل الإضافي( كوها)
مصدر التصنيف او مخطط الترفيف Dewey Decimal Classification
Koha [default] item type الدوريات
260 ## - PUBLICATION, DISTRIBUTION, ETC. (IMPRINT)
-- نيويورك :
-- PALM COAST
Holdings
حالة التراجع حالة الفقد حالة تلف ليس للاعارة المكان المؤقت الموقع الحالى تاريخ الاكتساب اجمالي اﻻعارات رقم الطلب الباركود تاريخ اخر مشاهدة تاريخ تفعيل السعر نوع وعاء كوها
        مكتبة القاهرة الكبرى مكتبة القاهرة الكبرى 03/26/2014   P\050\F P 45702 03/26/2014 03/26/2014 الدوريات

Powered By

EGPV